FC Bayern Rückennummerhistorie #8 - Statistiken

Allgemein
  • Dieses Quiz wurde 28 mal gespielt
  • Das Durchschnittsergebnis liegt bei 9 aus 46
Antwortstatistiken
Hint Antwort % Korrekt
seit 2021/22 Leon Goretzka
96%
2012-2021 Javi Martinez
89%
1984-88 Lothar Matthäus
46%
2007-2011 Hamit Altintop
36%
1978-83 Paul Breitner
36%
1994-96 Dietmar Hamann
32%
2004/05 Torsten Frings
32%
1995/96 Ciriaco Sforza
21%
1989/90 Hansi Flick
21%
1995/96 Alexander Zickler
18%
1995/96 Andreas Herzog
18%
1977/78; 1975/76 Bernd Dürnberger
18%
1978/79; 1973-75 Hans-Josef Kapellmann
18%
1982/83 Hans Pflügler
18%
1993/94 Marcel Witeczek
18%
1992-95 Markus Schupp
18%
1990-92 Michael Sternkopf
18%
2000-2003 Niko Kovac
18%
1971-76 Rainer Zobel
18%
1988-91 Stefan Reuter
18%
1995-2001 Thomas Strunz
18%
1989-92 Thomas Strunz
18%
1993/94; 1991/92 Christian Ziege
14%
1993-95 Dieter Frey
14%
1988/89 Hans Dorfner
14%
1991/92 Jan Wouters
14%
1989-92; 1985/86 Manfred Schwabl
14%
1991/92 Markus Babbel
14%
1991/92 Max Eberl
14%
1983/84 Norbert Nachtweih
14%
1966/67 Rainer Ohlhauser
14%
2005-2007 Ali Karimi
11%
1975/76 Conny Torstensson
11%
1985/86 Frank Hartmann
11%
1962/63 Harry Sieber
11%
1986/87 Helmut Winklhofer
11%
1987/88 Jürgen Wegmann
11%
1990/91 Manfred Bender
11%
1981/82 Reinhold Mathy
11%
1966/67 Rudolf Nafziger
11%
1983/84 Wolfgang Kraus
11%
1981/82 Asgeir Sigurvinsson
7%
1977/78 Branko Oblak
7%
1976/77 Erhan Önal
7%
1962/63 Jakob Drescher
7%
1983/84 Wolfgang Grobe
7%
Keine übereinstimmenden Quizze gefunden
Verteilung der Resultate
Anzahl Personen mit jedem Resultat
Perzentil nach korrekt beantworteten Fragen
Ihre Resultats-Entwicklung
Sie haben dieses Quiz noch nicht gespielt